000
00209 a2200097 4500
001
46692
100
_a
Turner J
245
_a
Famous air battles
260
_a
London
_b
Arthur barker
_c
090
_c
29790
_d
29790
942
_a
NUST-CAE
_c
M
_c
21991
999
_c
281765
_d
281765